[Event "CAN-op U2000 (Pinnacle 48th CAN Op Ch)"]
[Site "Toronto CAN"]
[Date "2011.07.11"]
[Round "3"]
[White "Cmilovic, Grisha"]
[Black "O'Bumsawin, Nicholas"]
[Result "1/2-1/2"]
[WhiteElo "1618"]
[BlackElo "1831"]
[PlyCount "85"]
[GameId "2160767909707758"]
[EventDate "2011.07.09"]
[EventType "swiss"]
[EventRounds "9"]
[EventCountry "CAN"]
[SourceTitle "EXT 2022"]
[Source "ChessBase"]
[SourceDate "2021.10.06"]
[SourceVersion "1"]
[SourceVersionDate "2021.10.06"]
[SourceQuality "1"]

1. e4 c5 2. Nf3 d6 3. d4 cxd4 4. Nxd4 Nf6 5. Nc3 g6 6. Bc4 Bg7 7. Be3 O-O 8. Qd2 Nc6 9. Nxc6 bxc6 10. Bh6 Bxh6 11. Qxh6 Qb6 12. Bb3 Qxf2+ 13. Kxf2 Ng4+ 14. Ke2 Nxh6 15. h3 Kg7 16. g4 Be6 17. Bxe6 fxe6 18. Raf1 Nf7 19. Rf2 Ne5 20. Rhf1 Rxf2+ 21. Rxf2 Rf8 22. Rxf8 Kxf8 23. b3 g5 24. Ke3 Ng6 25. Ne2 e5 26. c4 e6 27. Nc3 Nf4 28. b4 Ke7 29. b5 Kd7 30. a4 Kc7 31. a5 Ng6 32. Kd3 Ne7 33. Na4 Nc8 34. Nc3 c5 35. Ke3 Ne7 36. Kf3 Ng6 37. Ne2 Kb7 38. Ke3 Kb8 39. a6 Nf4 40. Nxf4 exf4+ 41. Kd3 Kc7 42. Kd2 Kb6 43. Kd3 1/2-1/2

[Event "CAN-op U2000 (Pinnacle 48th CAN Op Ch)"]
[Site "Toronto CAN"]
[Date "2011.07.11"]
[Round "3"]
[White "Coren, Daniel"]
[Black "Palmer, Jordan"]
[Result "0-1"]
[WhiteElo "1738"]
[BlackElo "1947"]
[PlyCount "94"]
[GameId "2160767909707759"]
[EventDate "2011.07.09"]
[EventType "swiss"]
[EventRounds "9"]
[EventCountry "CAN"]
[SourceTitle "EXT 2022"]
[Source "ChessBase"]
[SourceDate "2021.10.06"]
[SourceVersion "1"]
[SourceVersionDate "2021.10.06"]
[SourceQuality "1"]

1. e4 d5 2. exd5 Nf6 3. d4 Nxd5 4. c4 Nf6 5. Nc3 g6 6. Be3 Bg7 7. Be2 O-O 8. Qd2 Ng4 9. Nf3 Nxe3 10. fxe3 b6 11. O-O Bb7 12. Rad1 Nd7 13. e4 e5 14. d5 Qe7 15. Nb5 Nc5 16. Qe3 a6 17. d6 cxd6 18. Nxd6 Rad8 19. Nxb7 Qxb7 20. Rd5 a5 21. Rfd1 Qc7 22. a3 Rfe8 23. b4 axb4 24. axb4 Ne6 25. g3 Nd4 26. Nxd4 exd4 27. Qd3 Qe7 28. Rxd8 Rxd8 29. Rb1 Re8 30. Bf3 Ra8 31. e5 Rd8 32. Bd5 Qxe5 33. Rf1 Rd7 34. Qf3 Qe3+ 35. Kg2 Qxf3+ 36. Rxf3 Bf8 37. Rf4 Bg7 38. Re4 Kf8 39. g4 d3 40. Kf3 Bc3 41. Ke3 d2 42. Ke2 Bxb4 43. Kd1 Ra7 44. Rd4 Ra1+ 45. Kc2 Rc1+ 46. Kb3 Ba5 47. Bf3 Rc3+ 0-1

[Event "CAN-op U2000 (Pinnacle 48th CAN Op Ch)"]
[Site "Toronto CAN"]
[Date "2011.07.11"]
[Round "3"]
[White "Cortez, Pacifico"]
[Black "Yu, Jonathan"]
[Result "0-1"]
[WhiteElo "1830"]
[BlackElo "1971"]
[PlyCount "104"]
[GameId "2160767909707760"]
[EventDate "2011.07.09"]
[EventType "swiss"]
[EventRounds "9"]
[EventCountry "CAN"]
[SourceTitle "EXT 2022"]
[Source "ChessBase"]
[SourceDate "2021.10.06"]
[SourceVersion "1"]
[SourceVersionDate "2021.10.06"]
[SourceQuality "1"]

1. c4 e6 2. g3 Nf6 3. Bg2 d5 4. Nf3 dxc4 5. O-O Nbd7 6. Qc2 Bd6 7. Na3 Bxa3 8. bxa3 O-O 9. Qxc4 e5 10. Bb2 Re8 11. Rac1 c6 12. a4 h6 13. Qc3 e4 14. Nd4 Nd5 15. Qc2 N7f6 16. d3 e3 17. f3 h5 18. h3 Qd6 19. f4 h4 20. Qc5 Qb8 21. Nf3 b6 22. Qc4 hxg3 23. Be5 Qb7 24. Nd4 Bd7 25. Bxf6 gxf6 26. Nxc6 Bxc6 27. Qxc6 Qxc6 28. Rxc6 Rad8 29. Rfc1 Nxf4 30. Bf3 Rd4 31. R1c4 Red8 32. h4 Kg7 33. h5 f5 34. a3 Rxc4 35. Rxc4 Ne6 36. Kg2 f4 37. Bg4 Nd4 38. Bf3 Rd6 39. Rb4 a5 40. Rc4 Kh6 41. Rc7 Rf6 42. Rc4 Nxf3 43. Kxf3 Kxh5 44. Rc1 Kg5 45. Rc4 Rf5 46. Rc6 Rc5 47. Rxb6 Rc1 48. Rb7 f5 49. Rb8 Rf1+ 50. Kg2 Rf2+ 51. Kg1 Rxe2 52. Rg8+ Kh4 0-1

[Event "CAN-op U2000 (Pinnacle 48th CAN Op Ch)"]
[Site "Toronto CAN"]
[Date "2011.07.11"]
[Round "3"]
[White "Doknjas, John"]
[Black "Moran-Venegas, Mario"]
[Result "1/2-1/2"]
[WhiteElo "1997"]
[BlackElo "1864"]
[PlyCount "56"]
[GameId "2160767909707761"]
[EventDate "2011.07.09"]
[EventType "swiss"]
[EventRounds "9"]
[EventCountry "CAN"]
[SourceTitle "EXT 2022"]
[Source "ChessBase"]
[SourceDate "2021.10.06"]
[SourceVersion "1"]
[SourceVersionDate "2021.10.06"]
[SourceQuality "1"]

1. d4 Nf6 2. c4 g6 3. Nc3 d5 4. cxd5 Nxd5 5. e4 Nxc3 6. bxc3 Bg7 7. Nf3 c5 8. Rb1 O-O 9. Be2 Nc6 10. d5 Bxc3+ 11. Bd2 Bxd2+ 12. Qxd2 Nd4 13. Nxd4 cxd4 14. Qxd4 Qa5+ 15. Qd2 Qxd2+ 16. Kxd2 e6 17. d6 e5 18. Rhd1 b6 19. Ke1 Be6 20. a4 Rfd8 21. Bb5 Bd7 22. Rbc1 Bxb5 23. axb5 Rd7 24. Rc7 Rad8 25. Ra1 Rxd6 26. Raxa7 Rd1+ 27. Ke2 R1d2+ 28. Ke1 Rd1+ 1/2-1/2

[Event "CAN-op U2000 (Pinnacle 48th CAN Op Ch)"]
[Site "Toronto CAN"]
[Date "2011.07.11"]
[Round "3"]
[White "Fletcher, David"]
[Black "Nickoloff, Steve"]
[Result "0-1"]
[WhiteElo "1449"]
[BlackElo "1872"]
[PlyCount "24"]
[GameId "2160767909707762"]
[EventDate "2011.07.09"]
[EventType "swiss"]
[EventRounds "9"]
[EventCountry "CAN"]
[SourceTitle "EXT 2022"]
[Source "ChessBase"]
[SourceDate "2021.10.06"]
[SourceVersion "1"]
[SourceVersionDate "2021.10.06"]
[SourceQuality "1"]

1. e4 e5 2. Bc4 Nf6 3. Nf3 Nc6 4. Ng5 d5 5. exd5 Nd4 6. Nf3 Bg4 7. Be2 Nxe2 8. Qxe2 Bd6 9. Qb5+ Qd7 10. Qxb7 O-O 11. Qc6 Qf5 12. Nh4 Qe4+ 0-1

[Event "CAN-op U2000 (Pinnacle 48th CAN Op Ch)"]
[Site "Toronto CAN"]
[Date "2011.07.11"]
[Round "3"]
[White "Gillis, Doug"]
[Black "White, Chris"]
[Result "0-1"]
[WhiteElo "1616"]
[BlackElo "1735"]
[PlyCount "115"]
[GameId "2160767909707763"]
[EventDate "2011.07.09"]
[EventType "swiss"]
[EventRounds "9"]
[EventCountry "CAN"]
[SourceTitle "EXT 2022"]
[Source "ChessBase"]
[SourceDate "2021.10.06"]
[SourceVersion "1"]
[SourceVersionDate "2021.10.06"]
[SourceQuality "1"]

1. d4 d5 2. Nc3 e6 3. e4 dxe4 4. Nxe4 Nd7 5. Nf3 Ngf6 6. Nxf6+ Nxf6 7. Bd3 c5 8. dxc5 Bxc5 9. O-O O-O 10. Qe2 Qc7 11. Bg5 Be7 12. Rfe1 Rd8 13. Rad1 h6 14. Bxf6 Bxf6 15. c3 Bd7 16. Ne5 Ba4 17. b3 Be8 18. c4 Rd6 19. Nf3 Rad8 20. Bc2 Bc6 21. Rxd6 Rxd6 22. Rd1 Rxd1+ 23. Qxd1 Qd7 24. Qxd7 Bxd7 25. Be4 b6 26. Kf1 Kf8 27. Ke2 Ke7 28. Kd3 Kd6 29. Ne1 Bh4 30. g3 Bd8 31. Nc2 b5 32. Ne3 Kc5 33. cxb5 Bxb5+ 34. Kc2 Kd4 35. Bf3 Bd3+ 36. Kb2 Ba5 37. Nc2+ Kc5 38. b4+ Bxb4 39. Nxb4 Kxb4 40. Bc6 a5 41. Be8 f6 42. Bf7 Bc4 43. a3+ Ka4 44. Be8+ Bb5 45. Bf7 Bd7 46. Bg6 e5 47. Bc2+ Kb5 48. Kc3 Kc5 49. Bd3 f5 50. f4 exf4 51. gxf4 g5 52. fxg5 hxg5 53. Bf1 g4 54. Bg2 f4 55. Bb7 f3 56. h4 gxh3 57. Bxf3 h2 58. Bg2 0-1

[Event "CAN-op U2000 (Pinnacle 48th CAN Op Ch)"]
[Site "Toronto CAN"]
[Date "2011.07.11"]
[Round "3"]
[White "Haziprodromu, Sam"]
[Black "Zhang, John"]
[Result "1-0"]
[WhiteElo "1843"]
[BlackElo "1629"]
[PlyCount "74"]
[GameId "2160767909707764"]
[EventDate "2011.07.09"]
[EventType "swiss"]
[EventRounds "9"]
[EventCountry "CAN"]
[SourceTitle "EXT 2022"]
[Source "ChessBase"]
[SourceDate "2021.10.06"]
[SourceVersion "1"]
[SourceVersionDate "2021.10.06"]
[SourceQuality "1"]

1. e4 e5 2. Nf3 Nc6 3. Bb5 a6 4. Ba4 Nf6 5. O-O Be7 6. Re1 b5 7. Bb3 O-O 8. a4 b4 9. c3 d6 10. a5 Bg4 11. d3 Nd7 12. Nbd2 Nc5 13. Bd5 Qd7 14. d4 Nd3 15. Re3 Nxc1 16. Qa4 exd4 17. cxd4 Nxd4 18. Nxd4 Qxa4 19. Rxa4 Bg5 20. Rg3 Rab8 21. Rxg4 Bxd2 22. Kf1 Nd3 23. b3 Nc5 24. Ra2 Bc3 25. Nf5 g6 26. h4 Kh8 27. Nh6 f6 28. h5 g5 29. f4 Nd3 30. fxg5 fxg5+ 31. Nf5 h6 32. Kg1 Kh7 33. Rc2 Ne5 34. Rg3 Kh8 35. Rcxc3 bxc3 36. Rxc3 c5 37. Nxd6 Kg7 1-0

[Event "CAN-op U2000 (Pinnacle 48th CAN Op Ch)"]
[Site "Toronto CAN"]
[Date "2011.07.11"]
[Round "3"]
[White "Jamshed, Musa"]
[Black "Siddeley, Hugh"]
[Result "0-1"]
[WhiteElo "1850"]
[BlackElo "1864"]
[PlyCount "72"]
[GameId "2160767909707765"]
[EventDate "2011.07.09"]
[EventType "swiss"]
[EventRounds "9"]
[EventCountry "CAN"]
[SourceTitle "EXT 2022"]
[Source "ChessBase"]
[SourceDate "2021.10.06"]
[SourceVersion "1"]
[SourceVersionDate "2021.10.06"]
[SourceQuality "1"]

1. e4 c5 2. Nf3 Nc6 3. d4 cxd4 4. Nxd4 g6 5. Be3 Nf6 6. Nc3 Bg7 7. Qd2 Ng4 8. Nxc6 bxc6 9. Bd4 Bh6 10. Qd1 Nf6 11. e5 Nd5 12. Nxd5 cxd5 13. Qf3 O-O 14. Qxd5 Rb8 15. Qf3 Bb7 16. Qg3 Qa5+ 17. Bc3 Qd5 18. Qh4 Bg7 19. Rd1 Qe6 20. Bc4 d5 21. Bb3 Bxe5 22. O-O Bxc3 23. bxc3 Qf6 24. Qg3 e6 25. Rd4 Rfc8 26. Rfd1 Ba6 27. Qh3 Rb6 28. Re1 Rbc6 29. Re3 Rxc3 30. Rxc3 Qxd4 31. Rxc8+ Bxc8 32. c3 Qe4 33. g3 Ba6 34. Qh6 Qe1+ 35. Kg2 Bf1+ 36. Kf3 Qe4# 0-1

[Event "CAN-op U2000 (Pinnacle 48th CAN Op Ch)"]
[Site "Toronto CAN"]
[Date "2011.07.11"]
[Round "3"]
[White "Jubenville, Mark"]
[Black "Muir, Tom"]
[Result "0-1"]
[WhiteElo "1790"]
[BlackElo "1571"]
[PlyCount "124"]
[GameId "2160767909707766"]
[EventDate "2011.07.09"]
[EventType "swiss"]
[EventRounds "9"]
[EventCountry "CAN"]
[SourceTitle "EXT 2022"]
[Source "ChessBase"]
[SourceDate "2021.10.06"]
[SourceVersion "1"]
[SourceVersionDate "2021.10.06"]
[SourceQuality "1"]

1. d4 Nf6 2. Bf4 e6 3. e3 d5 4. c3 Bd6 5. Bg3 Bxg3 6. hxg3 Nc6 7. Bd3 e5 8. dxe5 Nxe5 9. Nf3 Nxd3+ 10. Qxd3 c6 11. Nbd2 Qe7 12. O-O-O Ne4 13. Qe2 Bg4 14. Rh4 h5 15. Rdh1 O-O-O 16. Qe1 g6 17. Nd4 Bd7 18. N2b3 Rhe8 19. Nc2 Nc5 20. Qd2 Ne4 21. Qe2 Qf6 22. Rf1 Re5 23. Nd2 Nd6 24. Ra4 Kb8 25. Qd3 c5 26. Rf4 Bf5 27. Qe2 Qe7 28. Ra4 Bd7 29. Rh4 Rg5 30. Qe1 Rg4 31. f3 Ra4 32. Rxa4 Bxa4 33. b3 Bc6 34. Qf2 b6 35. a4 c4 36. Nb4 Bb7 37. bxc4 Nxc4 38. Nxc4 dxc4 39. e4 Qe5 40. Kb2 Qa5 41. Qc2 Qg5 42. Rd1 a5 43. f4 Qe7 44. Nd5 Qc5 45. Nf6 Qe7 46. e5 Rxd1 47. Qxd1 Bxg2 48. Qe2 Bh3 49. Qxc4 Be6 50. Qc6 Qb7 51. Qxb7+ Kxb7 52. Ne4 Kc6 53. Nf6 Kc5 54. Ne8 Kc4 55. Nc7 Kd3 56. Na8 Ke3 57. Nxb6 Kf3 58. c4 Kxg3 59. Nd5 h4 60. Ne3 h3 61. c5 Kxf4 62. Nf1 g5 0-1

[Event "CAN-op U2000 (Pinnacle 48th CAN Op Ch)"]
[Site "Toronto CAN"]
[Date "2011.07.11"]
[Round "3"]
[White "Liu, Jiaxin (Dora)"]
[Black "Medvedev, Gennadi"]
[Result "1-0"]
[WhiteElo "1398"]
[BlackElo "1639"]
[PlyCount "71"]
[GameId "2160767909707767"]
[EventDate "2011.07.09"]
[EventType "swiss"]
[EventRounds "9"]
[EventCountry "CAN"]

1. e4 c6 2. d4 d5 3. Nd2 dxe4 4. Nxe4 Bf5 5. Ng3 Bg6 6. h4 h6 7. h5 Bh7 8. Nf3 Nf6 9. Bd3 e6 10. Bxh7 Nxh7 11. Bd2 Nd7 12. Qe2 Qc7 13. O-O-O O-O-O 14. Rhe1 Nhf6 15. Kb1 Bd6 16. Ne4 Nxh5 17. Nxd6+ Qxd6 18. Ne5 Nxe5 19. dxe5 Qc5 20. Qxh5 Qxf2 21. Qe2 Qc5 22. Qe3 Qxe3 23. Bxe3 Kb8 24. Kc1 Rd5 25. Rxd5 exd5 26. Rf1 Re8 27. Rxf7 g5 28. Bd4 b6 29. Bf2 Ka8 30. Bg3 Re6 31. Rf6 Re7 32. Rxh6 Rg7 33. e6 Kb7 34. Be5 Rg8 35. Rh8 Rc8 36. e7 1-0

[Event "CAN-op U2000 (Pinnacle 48th CAN Op Ch)"]
[Site "Toronto CAN"]
[Date "2011.07.11"]
[Round "3"]
[White "Marks, Richard"]
[Black "Poirier, David"]
[Result "1-0"]
[WhiteElo "1632"]
[BlackElo "1906"]
[PlyCount "117"]
[GameId "2160767909707768"]
[EventDate "2011.07.09"]
[EventType "swiss"]
[EventRounds "9"]
[EventCountry "CAN"]
[SourceTitle "EXT 2022"]
[Source "ChessBase"]
[SourceDate "2021.10.06"]
[SourceVersion "1"]
[SourceVersionDate "2021.10.06"]
[SourceQuality "1"]

1. c4 e5 2. Nc3 d6 3. g3 Nf6 4. Bg2 Be7 5. Nf3 c6 6. O-O O-O 7. d4 Qc7 8. b3 h6 9. Bb2 Nh7 10. d5 c5 11. Nd2 f5 12. e4 f4 13. gxf4 Rxf4 14. Ne2 Rf7 15. f4 exf4 16. Nxf4 Bf6 17. Bxf6 Rxf6 18. Qe2 Qe7 19. Rf2 Qe5 20. Raf1 Qg5 21. e5 Qxe5 22. Qxe5 dxe5 23. Ne6 Rxf2 24. Rxf2 Bxe6 25. dxe6 Nc6 26. Ne4 Ng5 27. Nxc5 Re8 28. h4 Nh7 29. Nxb7 Nd4 30. Nc5 Nf8 31. Bd5 Nfxe6 32. Nxe6 Nxe6 33. Re2 Kf8 34. Rxe5 Nc7 35. Rxe8+ Kxe8 36. Bc6+ Ke7 37. Kf2 Kd6 38. Bf3 Ke5 39. Ke3 g5 40. hxg5 hxg5 41. b4 Ne8 42. a4 Nf6 43. a5 Kd6 44. c5+ Kc7 45. b5 Nd7 46. Kd4 Nf6 47. a6 Nd7 48. Bg4 Nf6 49. Bf3 Nd7 50. Bd5 g4 51. Bg2 g3 52. Bf3 Kb8 53. Kd5 Kc7 54. Bg2 Nf6+ 55. Kc4 Nh5 56. b6+ Kb8 57. c6 axb6 58. c7+ Kxc7 59. a7 1-0

[Event "CAN-op U2000 (Pinnacle 48th CAN Op Ch)"]
[Site "Toronto CAN"]
[Date "2011.07.11"]
[Round "3"]
[White "Milicevic, Ljudmila"]
[Black "Allen, Ted"]
[Result "0-1"]
[WhiteElo "1048"]
[BlackElo "1564"]
[PlyCount "48"]
[GameId "2160767909707769"]
[EventDate "2011.07.09"]
[EventType "swiss"]
[EventRounds "9"]
[EventCountry "CAN"]
[SourceTitle "EXT 2022"]
[Source "ChessBase"]
[SourceDate "2021.10.06"]
[SourceVersion "1"]
[SourceVersionDate "2021.10.06"]
[SourceQuality "1"]

1. e4 e5 2. Nf3 Nc6 3. Bc4 Nf6 4. d3 Bc5 5. Nc3 d6 6. a3 O-O 7. O-O Bg4 8. Be3 Nd4 9. Bxd4 Bxd4 10. Rb1 c6 11. a4 d5 12. exd5 cxd5 13. h3 Bxf3 14. Qxf3 dxc4 15. dxc4 Qb6 16. Nd5 Nxd5 17. Qxd5 Rad8 18. Qf3 Rd6 19. b4 Rf6 20. Qe2 Rc8 21. c5 Qc6 22. a5 Rg6 23. g3 Rxg3+ 24. Kh2 Qg2# 0-1

[Event "CAN-op U2000 (Pinnacle 48th CAN Op Ch)"]
[Site "Toronto CAN"]
[Date "2011.07.11"]
[Round "3"]
[White "Morgan, Bryan"]
[Black "Verde, Pino"]
[Result "0-1"]
[WhiteElo "1562"]
[BlackElo "1660"]
[PlyCount "62"]
[GameId "2160767909707770"]
[EventDate "2011.07.09"]
[EventType "swiss"]
[EventRounds "9"]
[EventCountry "CAN"]
[SourceTitle "EXT 2022"]
[Source "ChessBase"]
[SourceDate "2021.10.06"]
[SourceVersion "1"]
[SourceVersionDate "2021.10.06"]
[SourceQuality "1"]

1. e4 d6 2. d4 Nf6 3. Nc3 Nbd7 4. Nf3 e5 5. dxe5 dxe5 6. Bb5 c6 7. Bc4 Be7 8. O-O O-O 9. Be3 Ng4 10. Bd2 b5 11. Bb3 Nc5 12. h3 Nxf2 13. Bxf7+ Rxf7 14. Rxf2 b4 15. Ne2 Nxe4 16. Rf1 Bc5+ 17. Kh2 Rd7 18. c3 Nxd2 19. Nxd2 Rxd2 20. Qb3+ Qd5 21. c4 Qd6 22. Ng3 e4 23. Kh1 Rd3 24. Nxe4 Rxb3 25. Nxd6 Rxb2 26. Rae1 Bd7 27. Nb7 Bf8 28. Rf3 c5 29. Na5 Rxa2 30. Nb3 Bc6 31. Rg3 a5 0-1

[Event "CAN-op U2000 (Pinnacle 48th CAN Op Ch)"]
[Site "Toronto CAN"]
[Date "2011.07.11"]
[Round "3"]
[White "O'Sullivan, Patrick"]
[Black "Leblanc, Paul"]
[Result "0-1"]
[WhiteElo "1758"]
[BlackElo "1924"]
[PlyCount "116"]
[GameId "2160767909707771"]
[EventDate "2011.07.09"]
[EventType "swiss"]
[EventRounds "9"]
[EventCountry "CAN"]
[SourceTitle "EXT 2022"]
[Source "ChessBase"]
[SourceDate "2021.10.06"]
[SourceVersion "1"]
[SourceVersionDate "2021.10.06"]
[SourceQuality "1"]

1. e4 c6 2. d4 d5 3. Nc3 dxe4 4. Nxe4 Bf5 5. Ng3 Bg6 6. h4 h6 7. Nf3 Nd7 8. h5 Bh7 9. Bd3 Bxd3 10. Qxd3 e6 11. Bd2 Ngf6 12. O-O-O Be7 13. Ne4 Nxe4 14. Qxe4 Nf6 15. Qe2 Qd5 16. c4 Qe4 17. Qxe4 Nxe4 18. Be3 O-O 19. Nd2 Nd6 20. g4 b6 21. Rdg1 f6 22. b3 Rac8 23. f4 Nf7 24. Nf3 c5 25. Nh4 cxd4 26. Bxd4 b5 27. Ng6 Ba3+ 28. Kb1 Rfe8 29. cxb5 Bc5 30. Bxc5 Rxc5 31. Rc1 Rxb5 32. Rc7 e5 33. fxe5 Nxe5 34. Nxe5 fxe5 35. Rxa7 e4 36. Rd7 e3 37. Rd4 Kf7 38. Re1 Kf6 39. Kc2 Kg5 40. Kd3 Rbe5 41. Ke2 Rf8 42. a4 Rf2+ 43. Kd1 Rb2 44. b4 Kh4 45. Re2 Rb1+ 46. Kc2 Ra1 47. a5 Kg3 48. Rd3 Kf3 49. Rdxe3+ Rxe3 50. Rxe3+ Kxe3 51. Kb2 Rd1 52. Kc3 Rc1+ 53. Kb2 Rc8 54. Kb3 Kd4 55. a6 Ra8 56. b5 Kc5 57. Ka4 Kb6 58. Kb4 Rc8 0-1

[Event "CAN-op U2000 (Pinnacle 48th CAN Op Ch)"]
[Site "Toronto CAN"]
[Date "2011.07.11"]
[Round "3"]
[White "Sametova, Zhanna"]
[Black "Beal, Greg"]
[Result "0-1"]
[WhiteElo "1647"]
[BlackElo "1777"]
[PlyCount "42"]
[GameId "2160767909707772"]
[EventDate "2011.07.09"]
[EventType "swiss"]
[EventRounds "9"]
[EventCountry "CAN"]
[SourceTitle "EXT 2022"]
[Source "ChessBase"]
[SourceDate "2021.10.06"]
[SourceVersion "1"]
[SourceVersionDate "2021.10.06"]
[SourceQuality "1"]

1. e4 e5 2. Nf3 Nc6 3. Bc4 Bc5 4. d3 Nf6 5. Nc3 d6 6. O-O Bg4 7. h3 Bh5 8. Be3 Nd4 9. Bxd4 Bxd4 10. Rb1 a6 11. Nd5 Ba7 12. Ne3 Qd7 13. Nf5 O-O-O 14. Ng3 Bg6 15. c3 h5 16. h4 Rhe8 17. a4 d5 18. exd5 Nxd5 19. Re1 Qg4 20. Nf1 Nf4 21. N1h2 Qxg2# 0-1

[Event "CAN-op U2000 (Pinnacle 48th CAN Op Ch)"]
[Site "Toronto CAN"]
[Date "2011.07.11"]
[Round "3"]
[White "Song, Eric"]
[Black "Posaratnanathan, Roy"]
[Result "1-0"]
[WhiteElo "1488"]
[BlackElo "1748"]
[PlyCount "99"]
[GameId "2160767909707773"]
[EventDate "2011.07.09"]
[EventType "swiss"]
[EventRounds "9"]
[EventCountry "CAN"]
[SourceTitle "EXT 2022"]
[Source "ChessBase"]
[SourceDate "2021.10.06"]
[SourceVersion "1"]
[SourceVersionDate "2021.10.06"]
[SourceQuality "1"]

1. e4 c5 2. Nf3 Nc6 3. d4 cxd4 4. Nxd4 Nf6 5. Nc3 d6 6. Be3 e5 7. Nb3 Be6 8. Bd3 Be7 9. O-O O-O 10. Qd2 Ng4 11. h3 Nxe3 12. Qxe3 Nb4 13. a3 Nxd3 14. Qxd3 Rc8 15. Qd2 Bg5 16. Qd1 Qc7 17. Nd2 Rfd8 18. Nf3 Be7 19. Rc1 Qc5 20. Re1 Bf6 21. Nd5 Bxd5 22. exd5 Qc4 23. b3 Qa6 24. a4 Rc3 25. Nd2 Bg5 26. Ra1 Bxd2 27. Qxd2 Rdc8 28. Rac1 Qb6 29. Kh1 Qc5 30. Re2 Rxb3 31. f4 f6 32. fxe5 fxe5 33. Kh2 Rb4 34. Rf1 Rc4 35. Rff2 Rxa4 36. Qg5 Qxd5 37. Qf5 Rac4 38. Rd2 g6 39. Qxc8+ Rxc8 40. Rxd5 Ra8 41. Rxd6 a5 42. Rfd2 Kf7 43. Rd7+ Ke6 44. Rxb7 a4 45. Rb1 e4 46. Ra1 Ke5 47. Kg1 e3 48. Rd3 Ke4 49. Kf1 Rf8+ 50. Ke1 1-0

[Event "CAN-op U2000 (Pinnacle 48th CAN Op Ch)"]
[Site "Toronto CAN"]
[Date "2011.07.11"]
[Round "3"]
[White "Stavropoulos, Greg"]
[Black "Chuchin, Sasha"]
[Result "1-0"]
[WhiteElo "1872"]
[BlackElo "1587"]
[PlyCount "67"]
[GameId "2160767909707774"]
[EventDate "2011.07.09"]
[EventType "swiss"]
[EventRounds "9"]
[EventCountry "CAN"]
[SourceTitle "EXT 2022"]
[Source "ChessBase"]
[SourceDate "2021.10.06"]
[SourceVersion "1"]
[SourceVersionDate "2021.10.06"]
[SourceQuality "1"]

1. c4 e5 2. Nc3 Nf6 3. Nf3 Nc6 4. g3 Bc5 5. Bg2 d6 6. O-O Be6 7. d3 h6 8. a3 Qd7 9. e3 Bh3 10. d4 Bxg2 11. Kxg2 Bb6 12. b4 a6 13. Bb2 O-O-O 14. Nd5 Rde8 15. Nxb6+ cxb6 16. b5 e4 17. bxc6 exf3+ 18. Qxf3 bxc6 19. d5 c5 20. Bxf6 gxf6 21. Rab1 Kc7 22. Qxf6 h5 23. h4 Rhg8 24. Rb3 Re4 25. Rfb1 Rg6 26. Qf3 Rxh4 27. Rxb6 Qh3+ 28. Kg1 Qh2+ 29. Kf1 Qh1+ 30. Ke2 Qxf3+ 31. Kxf3 Rh2 32. Rb7+ Kd8 33. Rxf7 Ke8 34. Rbb7 1-0

[Event "CAN-op U2000 (Pinnacle 48th CAN Op Ch)"]
[Site "Toronto CAN"]
[Date "2011.07.11"]
[Round "3"]
[White "Strugach, Alexander"]
[Black "Tahiliani, Manoj"]
[Result "1-0"]
[WhiteElo "1963"]
[BlackElo "1511"]
[PlyCount "99"]
[GameId "2160767909707775"]
[EventDate "2011.07.09"]
[EventType "swiss"]
[EventRounds "9"]
[EventCountry "CAN"]

1. e4 c6 2. d4 d5 3. exd5 cxd5 4. Nf3 Nc6 5. Be2 Bf5 6. c3 h6 7. O-O e6 8. Bf4 Nf6 9. Qb3 Qb6 10. Qxb6 axb6 11. Nbd2 Be7 12. Bb5 O-O 13. Bc7 Nd7 14. h3 f6 15. Rfe1 Rac8 16. Bh2 Kf7 17. Re3 Rfe8 18. Rae1 h5 19. Nh4 Bf8 20. Nxf5 exf5 21. Nf3 Re4 22. Bd3 Rxe3 23. Rxe3 g6 24. Nh4 Bh6 25. Re1 Nf8 26. Bxf5 gxf5 27. Nxf5 Kg6 28. g4 hxg4 29. hxg4 Nh7 30. Re7 Nf8 31. f4 Nxe7 32. Nxe7+ Kf7 33. Nxc8 Ne6 34. Nxb6 Nxf4 35. Bxf4 Bxf4 36. Nxd5 Bc1 37. b3 Bb2 38. Kg2 Ke6 39. Nf4+ Kd6 40. Ne2 Kd5 41. Kf3 b5 42. Ke3 Ke6 43. Kd3 b4 44. cxb4 Ba3 45. Kc4 Kf7 46. b5 Bd6 47. Kd5 Bb8 48. Kc6 Kg6 49. d5 Kg5 50. d6 1-0

[Event "CAN-op U2000 (Pinnacle 48th CAN Op Ch)"]
[Site "Toronto CAN"]
[Date "2011.07.11"]
[Round "3"]
[White "Todd, Adie"]
[Black "Sly, Douglas"]
[Result "1-0"]
[WhiteElo "1665"]
[BlackElo "1545"]
[PlyCount "93"]
[GameId "2160767909703680"]
[EventDate "2011.07.09"]
[EventType "swiss"]
[EventRounds "9"]
[EventCountry "CAN"]
[SourceTitle "EXT 2022"]
[Source "ChessBase"]
[SourceDate "2021.10.06"]
[SourceVersion "1"]
[SourceVersionDate "2021.10.06"]
[SourceQuality "1"]

1. d4 e6 2. c4 Bb4+ 3. Bd2 Bxd2+ 4. Qxd2 Nf6 5. Nc3 d5 6. e3 b6 7. Nf3 O-O 8. Be2 Ba6 9. b3 c5 10. cxd5 exd5 11. Bxa6 Nxa6 12. O-O Nc7 13. dxc5 bxc5 14. Rfd1 Qe7 15. Rac1 Rfd8 16. Na4 Ne6 17. Qe2 Rac8 18. Nc3 Rc7 19. Rd2 d4 20. Nb5 Rcd7 21. exd4 cxd4 22. Nbxd4 Rd5 23. Nc6 Qd7 24. Nxd8 Qxd8 25. Rxd5 Qxd5 26. Rd1 Qc5 27. h3 h6 28. Qd3 Qc6 29. Nd4 Nxd4 30. Qxd4 Qa6 31. Qd8+ Kh7 32. Qd3+ Qxd3 33. Rxd3 Kg6 34. Kf1 Kf5 35. Ke2 Ke6 36. a4 Nd5 37. Rd4 Ke5 38. Rc4 g5 39. g3 f5 40. Kd3 h5 41. b4 g4 42. hxg4 hxg4 43. Rc5 Kd6 44. Kd4 Nxb4 45. Rxf5 Nc6+ 46. Ke4 Nd8 47. Rd5+ 1-0

[Event "CAN-op U2000 (Pinnacle 48th CAN Op Ch)"]
[Site "Toronto CAN"]
[Date "2011.07.11"]
[Round "3"]
[White "Tonakanian, Stephan"]
[Black "Johnson, Perry V"]
[Result "0-1"]
[WhiteElo "1974"]
[BlackElo "1846"]
[PlyCount "113"]
[GameId "2160767909703681"]
[EventDate "2011.07.09"]
[EventType "swiss"]
[EventRounds "9"]
[EventCountry "CAN"]
[SourceTitle "EXT 2022"]
[Source "ChessBase"]
[SourceDate "2021.10.06"]
[SourceVersion "1"]
[SourceVersionDate "2021.10.06"]
[SourceQuality "1"]

1. d4 d5 2. Nf3 e6 3. g3 c5 4. Bg2 Nc6 5. O-O Nf6 6. c4 dxc4 7. Qa4 Qb6 8. Na3 Qb4 9. Qc2 Nxd4 10. Nxd4 cxd4 11. Nxc4 Bd7 12. Bd2 Qc5 13. b4 Qc7 14. Bf4 Qc8 15. Rac1 Nd5 16. Bd6 Bb5 17. Bxf8 Kxf8 18. Qb3 Nc3 19. Nd6 Nxe2+ 20. Kh1 Nxc1 21. Qf3 Qd7 22. Nxb5 Qxb5 23. Rxc1 Qd7 24. Qa3 g6 25. Qa5 Kg7 26. Qe5+ f6 27. Qa5 Rac8 28. Rd1 Rhd8 29. h4 d3 30. Qxa7 d2 31. Qe3 Rc1 32. Rxc1 dxc1=Q+ 33. Qxc1 Qd1+ 34. Qxd1 Rxd1+ 35. Kh2 b6 36. a4 Rd4 37. a5 bxa5 38. bxa5 Ra4 39. Bf1 Rxa5 40. Kg2 Kf7 41. Bd3 e5 42. Bc4+ Ke7 43. Bg8 h6 44. Bc4 f5 45. Be2 e4 46. h5 g5 47. Bc4 Ra4 48. Bg8 Rb4 49. Bh7 Kf6 50. Kf1 Ke5 51. Ke2 Rb2+ 52. Ke1 f4 53. g4 f3 54. Bf5 Kf4 55. Be6 e3 56. Bf5 e2 57. Bc2 0-1